01409cam a22002891a 450000100060000000300080000600500170001400800390003103500190007003500200008904000260010904100080013508200200014310000240016324500750018726001010026230000370036349000600040050503310046065000450079183000190083670000440085583000490089994200120094899900170096095201420097720075BD-RjUL20211209000522.0140226s1933 enkh 000 1 eng a(BD-RjUL)20137 a(OCoLC)10572126 aDLCcAUdBD-RjULbeng aeng00a828.1bEVE 1933 1aEvans, Joan,96180200aEnglish mediaeval lapidaries /cby Joan Evans and Mary S. Serjeantson. aLondon :bPub. for the Early English Text Society by H. Milford, Oxford University Press,c1933. axii, 205 p. :bfacsim. ;c22 cm.1 aOriginal series - Early English Text Society ;vno. 1900 aPreface -- Introduction -- The manuscripts -- A. The Old English lapidary -- B. The London lapidary of King Philip -- C. The North Midland lapidary of King Philip -- D. The Ashmole lapidary -- E. Richardoune's verses -- F. The Peterborough lapidary -- G.The Sloan lapidary -- Notes to the texts -- Lists of stones -- Glossary. 0aLapidaries (Medieval literature).961803 0vno. 1909618101 aSerjeantsen, Mary Sidney,d1896-961805 0aEarly English Text Society (Series) ;961811 2ddccBK c20075d20075 00102ddc40718FICaRUCLbRUCLcReadingd1956-11-05eB. H. Blackwellg1.00l0o828.1 EVE 1933r2014-02-26 00:00:00tC-1w2014-02-26yBK